MESTSKÁ KNIŽNICA GIRALTOVCE  - online katalóg 

Synovia a milenci. (Record no. 12126)

000 -NÁVESTIE
fixed length control field 00743nam a2200229 a 4500
008 - ÚDAJE S PEVNOU DĹŽKOU – VŠEOBECNÉ INFORMÁCIE
fixed length control field 951205s1975||||[C 0 slo c
040 ## - ZDROJ KATALOGIZÁCIE
Pôvodná katalogizujúca agentúra SNK
Jazyk katalogizácie slo
Prepisujúca agentúra SNK
Konvencie popisu AACR2
041 1# - KÓD JAZYKA
Kód jazyka textu/zvukovej stopy alebo samostatných nápisov slo
Kód jazyka originálu a/alebo sprostredkujúcich prekladov textu eng
044 ## - KÓD KRAJINY VYDAVATEĽA/PRODUCENTA
Kód krajiny MARC xo
Kód krajiny ISO SK
080 ## - ČÍSLO MEDZINÁRODNÉHO DESATINNÉHO TRIEDENIA (MDT)
Číslo Medzinárodného desatinného triedenia (MDT) 820-3
020 ## - MEDZINÁRODNÉ ŠTANDARDNÉ ČÍSLO KNIHY (ISBN)
Údaje o dostupnosti 31
100 1# - OSOBNÉ MENÁ – VŠEOBECNÉ INFORMÁCIE
Osobné meno Lawrence, David Herbert
Kód roly aut
245 10 - NÁZOV
Názov Synovia a milenci.
Údaj o zodpovednosti atď. David Herbert Lawrence ; Tatiana Ruppeldtová, Igor Navrátil, Pavel Hrach
260 ## - VYDAVATEĽSKÉ ÚDAJE, DISTRIBÚCIA ATĎ.
Miesto publikovania, distribúcie atď. Bratislava
Názov vydavateľa, distibútora atď. Tatran
Miesto publikovania, distribúcie atď. S.l.
Názov vydavateľa, distibútora atď. ,t. [vyd.]
Dátum publikovania, distribúcie atď. 1975
Miesto výroby Bratislava
Výrobca Pravda
300 ## - FYZICKÝ POPIS
Rozmery 21 cm
490 0# - EDÍCIA
Edícia Zlatý fond svetovej literatúry
500 ## - VŠEOBECNÁ POZNÁMKA
Formátovaná poznámka o obsahu Cena za 1.-4. zv. 140 Kčs. V tomto výbere 1. vyd.
700 1# - PRIDANÝ VSTUP – OSOBNÉ MENO
Osobné meno Ruppeldtová, Tatiana
Kód roly trl
700 1# - PRIDANÝ VSTUP – OSOBNÉ MENO
Osobné meno Navrátil, Igor
Kód roly [ADC]
700 1# - PRIDANÝ VSTUP – OSOBNÉ MENO
Osobné meno Hrach, Pavel
Kód roly bkd
958 ## - Formálny deskriptor
Formálny deskriptor A
Holdings
Stav stiahnutia (Blokovanie) (Withrawn status) Stav straty Stav poškodenia (Damaged status) Nie pre výpožičky (Not for loan) Spôsob nadobudnutia (Collection code) Trvalé umiestnenie Aktuálne umiestnenie Dátum nadobudnutia Náklady, bežná kúpna cena Inventárne číslo (prírastkové číslo) Full call number Dátum posledného výskytu Cena s účinnosťou od Typ jednotky Koha
        Kúpa Mestská knižnica Giraltovce Mestská knižnica Giraltovce 2019-11-29 31.00 11428 B 5554 2019-11-29 2019-11-29 Krásna literatúra pre dospelých

Powered by Koha